Umelá Inteligencia v sieťach 5G SA

Gespeichert in:
Bibliographische Detailangaben
1. Verfasser: Ulbricht, Matúš (Verfasst von)
Weitere Verfasser: Róka, Rastislav (Betreuung Doktorarbeit)
Format: Manuskript Buch
Sprache:Slowakisch
Veröffentlicht: Bratislava : STU v Bratislave FEI, 2025
Schlagworte:
Online-Zugang:https://opac.crzp.sk/?fn=detailBiblioFormChildI69N9&sid=BA75C2D62745AD5727E9919ED92F&seo=CRZP-detail-kniha
Tags: Tag hinzufügen
Keine Tags, Fügen Sie das erste Tag hinzu!

MARC

LEADER 00000ntm a22000003a 4500
001 stuzp102105
003 SK-STU
005 20260206104222.8
007 ta
008 150427s2015----xo-----f-mn---000-0-slo-d
040 |a STU  |b slo 
041 0 |a slo 
044 |a xo 
100 1 |a Ulbricht, Matúš  |u 037000  |4 aut  |U FEI Fakulta elektrotechniky a informatiky  |T FEI Ústav multimediálnych informačných a komunikačných technológií  |X 121023  |U E070  |Y 818  |7 121023 
242 0 1 |a Artificial Intelligence in 5G SA networks  |y eng 
245 1 0 |a Umelá Inteligencia v sieťach 5G SA 
260 |a Bratislava :  |b STU v Bratislave FEI,  |c 2025 
300 |a 42 s. 
650 4 |a neurónové siete  |2 slo 
650 4 |a 5G SA  |2 slo 
650 4 |a analýza sieťovej komunikácie  |2 slo 
650 4 |a 5G SA  |2 eng 
650 4 |a neural network  |2 eng 
650 4 |a network traffic analysis  |2 eng 
700 1 |a Róka, Rastislav  |u 037000  |k Z1  |4 ths  |U FEI Fakulta elektrotechniky a informatiky  |T FEI Ústav multimediálnych informačných a komunikačných technológií  |X 1946  |U E070  |Y 818  |7 A000001946 
856 4 |u https://opac.crzp.sk/?fn=detailBiblioFormChildI69N9&sid=BA75C2D62745AD5727E9919ED92F&seo=CRZP-detail-kniha